Ancient Egyptian geographic dictionary /

محفوظ في:

المؤلف الرئيسي: Al-Ayedi, Abdul Rahman (مؤلف)

التنسيق: كتاب

اللغة: English

منشور في: Ismailia, Egypt : Obelsik Publications, 2012.

الموضوعات:

الوسوم: إضافة وسم

لا توجد وسوم, كن أول من يضع وسما على هذه التسجيلة!

رقم الطلب: DT45 .A539 2012

LEADER 00699namaa2200229 4500
003 OSt
005 20260318064426.0
008 130303s2012 ua 000 0 eng d
020 |a 9789771790365 
040 |c ARCE Library 
043 |a f-ua---  
050 4 |a DT45 .A539 2012 
100 1 |a Al-Ayedi, Abdul Rahman,  |e author 
245 1 0 |a Ancient Egyptian geographic dictionary /   |c Abdul Rahman al-Ayedi. 
264 1 |a Ismailia, Egypt :   |b Obelsik Publications,   |c 2012. 
300 |a v, 1061 pages ;  |c 24 cm.  
650 0 |a Geography   |z Egypt   |v Dictionaries. 
650 0 |a Geography, Ancient  |v Dictionaries. 
651 0 |a Egypt  |x Historical geography. 
901 |a reviewed 
942 |c BK  |2 lcc 
999 |c 1359  |d 1359